000 01114nam a2200337 i 4500
003 EG-GICUC
005 20260513014808.0
008 260513s1995 fr ||||f |||| 001 0 fre d
020 _a9782247020683
040 _aEG-GiCUC
_bfre
_cEG-GiCUC
_dEG-GiCUC
_eRda
082 0 4 _221
_a345.4
_bAU . D
092 0 4 _221
099 _aLaw1 07 345.4 AU . D 3 ed - 1995 0705070 C1
100 1 _aAuby, Jean-marie
_eAuteur
245 1 0 _aDroit Administratif Des Biens :
_bDomaine, Travaux Publics Expropriation Pour Cause D'utilité Publique /
_cPar Jean-marie Auby, Pierre Bon.
_n
250 _a3º Édition
264 1 _aParis :
_bDaloz,
_c1995.
300 _a537 Pages ;
_c 24 cm.
336 _2rda contenu
_a texte
337 _2rda medias
_aOrdinateur
338 _2 transporteur rda
_a Ressource en ligne
500 _aIndex Pages : 513-520.
546 _aTexte en français
650 1 4 _aDroit administratif
_2
650 1 4 _aEmplois publics
651 1 _2
700 1 _aBon, Pierre
_eAuteur
856 4 0 _uhttps://fll.law.cu.edu.eg/fulltext/bks/B07-05070.pdf
905 _a164
942 _2ddc
_cBK
_e21
_n0
999 _c76709
_d76709